000 00310 a2200121 4500
999 _c12098
_d12098
008 240117b ||||| |||| 00| 0 eng d
020 _a9789810731403
082 _a725.51
100 _aMeuser
245 _aHospitals and health centres : construction and design manual Vol.01
260 _bRHED
942 _2ddc